| 000 | 00454nam a2200157Ia 4500 | ||
|---|---|---|---|
| 008 | 170221s9999 xx 000 0 und d | ||
| 100 | _aPradeep Tewari | ||
| 245 | _aEvolutions in Photojournalism in India (2001 to 2011) | ||
| 245 | _cPradeep Tewari | ||
| 260 | _bOnline Journal of Communication and Media Technologies | ||
| 260 | _c2013 | ||
| 300 | _aXI : 1 | ||
| 650 | _xCommunication | ||
| 650 | _xMedia Arts | ||
| 856 | _uhttp://www.ojcmt.net/ | ||
| 999 |
_c308923 _d308923 |
||